Zor yıllarım (Record no. 3380)

MARC details
000 -BAŞLIK
Sabit Uzunlukta Kontrol Alanı 00610na a2200229 4500
001 - KONTROL NUMARASI
Denetim Alanı 14000
003 - KONTROL NUMARASI IDENTIFIER
Denetim Alanı MIRAKIL
005 - SON İŞLEM TARİHİ VE ZAMANI
Denetim Alanı 20181213154929.0
008 - SABİT-BOY VERİ ELEMANLARI - GENEL BİLGİLER
Sabit Uzunlukta Kontrol Alanı 160901b tu 000 0
020 ## - ULUSLARARASI STANDART KİTAP NUMARASI
Uluslararası Standart Kitap Numarası 9786054457069
035 ## - SİSTEM KONTROL NUMARASI
Sistem Kontrol Numarası 14000
040 ## - KATALOGLAMA KAYNAK
Orijinal Kataloglama Ajansı Milas
Kataloglama Dili tur
Metne Dönüştürmek Ajansı TR-AnCHP
082 ## - DEWEY ONLU SINIFLANDIRMA NUMARASI
Sınıflandırma Numarası 923.2 Kalemli,M.
Ürün Numarası K24z 2011
090 ## - SINIFLAMA NUMARASI
Sınıflama Numarası 923.2 Kalemli,M. K24z 2011
100 ## - ANA GİRİŞ - KİŞİSEL İSİM
Kişisel Ad Kalemli, Mustafa
245 ## - BAŞLIK TABLOSU
Başlık Zor yıllarım
Sorumluluk Tablosu, Vb Mustafa Kalemli
260 ## - YAYIN, DAĞITIM, VB
Yayın, Dağıtım, Vb Yeri Ankara
Yayıncı, Dağıtıcı, Vs Adı [yayl. y.]
Yayın, Dağıtım, Vb Tarihi 2011
300 ## - FİZİKSEL TANIM
Kapsam 240 s.
Boyutlar 20 sm.
600 ## - KONU KATMA GİRİŞ - KURUMSAL ADI
Kişisel Ad Kalemli, Mustafa
Genel Alt Bölümü Anılar
650 ## - KONU KATMA GİRİŞ - TOPİKAL DÖNEM
Topikal Süreli Veya Coğrafi Ad Giriş Elemanı Siyasetçiler
Coğrafi Alt Bölümü Türkiye
942 ## - EKLENDİ GİRİŞ ELEMANLARI (KOHA)
Sınıflandırma Veya Raf Düzeni Kaynak Dewey Decimal Classification
Koha Öğesi Türü Books
999 ## - SİSTEM KONTROL NUMARALARI (KOHA)
Koha Biblionumber 3380
Koha Biblioitemnumber 3380
Holdings
Kalıcı Konum Mevcut Konum Edinme Tarihi Edinim Kaynak Toplam Check-Out'Lar Tam Çağrı Numarası Barkod Tarih Son Görülme İtibaren Geçerli Fiyatlar Koha Öğesi Türü
CHP Kütüphanesi CHP Kütüphanesi 08/23/2016 Bağış   923.2 Kalemli,M. K24z 2011 001912 08/23/2016 08/23/2016 Books